000 00261nam a2200121 i 4500
001 bg
245 0 _aLaboratorium mechaniki płynów.
260 _aGdańsk,
_c1988.
040 _cBPK
041 _apol
942 _cKS
008 s pl f |000 0 pol
999 _c3815
_d3815
856 _uhttp://koha.tu.koszalin.pl/cgi-bin/koha/opac-detail.pl?biblionumber=3815
_yKatalog online BPK